New York in Photographs by Reinhart Wolf /
Gardado en:
| Autor Principal: | |
|---|---|
| Outros autores: | , , |
| Formato: | Libro |
| Idioma: | inglés |
| Publicado: |
Colonia, Alemania :
Taschen,
2016, c2016
|
| Temas: | |
| Etiquetas: |
Sen Etiquetas, Sexa o primeiro en etiquetar este rexistro!
|
MARC
| LEADER | 00000nam^a2200000^a^4500 | ||
|---|---|---|---|
| 001 | 000562063 | ||
| 005 | 20250526000000.0 | ||
| 008 | 230713 | ||
| 009 | 20260310131937.022 | ||
| 020 | |a 978-3-8365-2495-7 | ||
| 037 | |a Acervo ITESO - Biblioteca | ||
| 041 | |a ING | ||
| 082 | |a 770. 943 |b WOL LIE | ||
| 100 | |a Reinhart, Wolf |e (fotógrafo) | ||
| 245 | 1 | 0 | |a New York in Photographs by Reinhart Wolf / |c Fotógrafo R. Wolf ; texto de S. Lietzmann ; pref. de E. Albee ; entrevista de A. Warhol. |
| 264 | 4 | |a Colonia, Alemania : |b Taschen, |c 2016, c2016 | |
| 300 | |a [80 p.] ; |c 42.0 cm. | ||
| 336 | |a texto |b txt |2 rdacontenido | ||
| 337 | |a sin mediación |b n |2 rdamedio | ||
| 338 | |a volumen |b nc |2 rdasoporte | ||
| 649 | |a XX | ||
| 650 | |a Fotógrafos Alemanes | ||
| 650 | |a Artistas Alemanes | ||
| 650 | |a Fotografía Arquitectónica | ||
| 650 | |a Fotografía Alemana - |y 1970-1979 | ||
| 650 | |a Fotografía Alemana - |y Siglo XX | ||
| 650 | |a Fotografía Alemana - |x Historia y Crítica | ||
| 650 | |a Arte Alemán - |y 1970-1979 | ||
| 650 | |a Arte Alemán - |y Siglo XX | ||
| 650 | |a Arte Alemán - |x Historia y Crítica | ||
| 650 | |a Nueva York, EUA - |x Fotografías - |x Tema Principal | ||
| 650 | |a EUA - |x Fotografías | ||
| 650 | |a Wolf, Reinhart - |x Tema Principal | ||
| 700 | |a Lietzmann, Sabina |e (texto) | ||
| 700 | |a Albee, Edward |e (prefacio) | ||
| 700 | |a Warhol, Andy |e (entrevista) | ||
| 910 | |a Fondo General | ||
| 920 | |a Impresos - Libros | ||
| 930 | |a Libros Antiguos y Raros | ||
| 905 | |a 108 | ||
| 901 | |a 0500400444 |b IT2 |c LRA |i C161236 |u 20250526 | ||
| 902 | |a https://opac.biblio.iteso.mx/vufind/Record/000562063 | ||